| 000 | 00651nam a2200205Ia 4500 | ||
|---|---|---|---|
| 003 | GCL | ||
| 008 | 140319s9999 xx 000 0 ara d | ||
| 040 |
_aGCL / _cGCL |
||
| 082 | 0 | 4 |
_a810.8015 _bح ف |
| 100 | 1 | _aحيد حاج اسماعيل | |
| 245 | 1 | 0 |
_aفرنسيس المراش / _cحيد حاج اسماعيل |
| 260 |
_a[S.N] : _bدار الريس للكتاب والنشر ، _c1987 |
||
| 300 | _a186 ص | ||
| 490 |
_aسلسلة الاعمال المجهولة _v0 |
||
| 650 | 0 | 4 | _aالادب العربى |
| 650 | 0 | 4 | _aسوريا |
| 650 | 0 | 4 | _aالرمزية فى الادب العربى |
| 650 | 0 | 4 | _aالرمزية |
| 942 |
_2ddc _cBK |
||
| 999 |
_c54840 _d54840 |
||